000 00605nam a22001577a 4500
003 OSt
005 20210113095903.0
008 210113b ||||| |||| 00| 0 spad
022 _a9788413095035
040 _aDO-SdBNP
_bspa
_cBNPHU
100 1 0 _aMorales. Rafael Dickson
_977671
245 _aLa asignaciòn de riesgos en la colaboraciòn pùblico-privada :
_buna visiòn de España y Repùblica Dominicana con algunas precisiones de otras jurisdicciones de Iberoamèrica /
_cRafael Dickson Morales
260 _aPamplona :
_bThomson Reuters Aranzadi,
_c2019
300 _a358 p. ;
_c24 cm
942 _2ddc
_cLBS1
999 _c49319
_d49319